MyGZULibrary

Microeconomics / (Record no. 1296)

MARC details
000 -LEADER
fixed length control field 01064cam a22002894a 4500
001 - CONTROL NUMBER
control field 142743
003 - CONTROL NUMBER IDENTIFIER
control field GZU
005 - DATE AND TIME OF LATEST TRANSACTION
control field 20201005131328.0
008 - FIXED-LENGTH DATA ELEMENTS--GENERAL INFORMATION
fixed length control field 980629s2000 nju 000 0 eng
010 ## - LIBRARY OF CONGRESS CONTROL NUMBER
LC control number 00132719
020 ## - INTERNATIONAL STANDARD BOOK NUMBER
International Standard Book Number 087891191X (pbk.)
040 ## - CATALOGING SOURCE
Original cataloging agency DLC
Transcribing agency DLC
Modifying agency DLC
042 ## - AUTHENTICATION CODE
Authentication code pcc
050 00 - LIBRARY OF CONGRESS CALL NUMBER
Classification number HB172
Item number .M6249 2000
082 00 - DEWEY DECIMAL CLASSIFICATION NUMBER
Classification number 338.5
Edition number 21
245 00 - TITLE STATEMENT
Title Microeconomics /
Statement of responsibility, etc. by the staff of Research & Education Association ; M. Fogiel, director.
260 ## - PUBLICATION, DISTRIBUTION, ETC.
Place of publication, distribution, etc. Piscataway, N.J. :
Name of publisher, distributor, etc. Research & Education Association,
Date of publication, distribution, etc. c2000.
300 ## - PHYSICAL DESCRIPTION
Extent ix, 203 p. :
Other physical details ill. ;
Dimensions 22 cm.
440 #0 - SERIES STATEMENT/ADDED ENTRY--TITLE
Title Super review
650 #0 - SUBJECT ADDED ENTRY--TOPICAL TERM
Topical term or geographic name entry element Microeconomics.
700 1# - ADDED ENTRY--PERSONAL NAME
Personal name Fogiel, M.
Fuller form of name (Max)
710 2# - ADDED ENTRY--CORPORATE NAME
Corporate name or jurisdiction name as entry element Research and Education Association.
856 42 - ELECTRONIC LOCATION AND ACCESS
Materials specified Publisher description
Uniform Resource Identifier <a href="http://www.loc.gov/catdir/enhancements/fy0608/00132719-d.html">http://www.loc.gov/catdir/enhancements/fy0608/00132719-d.html</a>
906 ## - LOCAL DATA ELEMENT F, LDF (RLIN)
a 7
b cbc
c orignew
d 3
e opcn
f 19
g y-gencatlg
942 ## - ADDED ENTRY ELEMENTS (KOHA)
Source of classification or shelving scheme Library of Congress Classification
Koha item type Books
Edition 171
Classification part MCI
Item part HB
Holdings
Withdrawn status Lost status Source of classification or shelving scheme Damaged status Not for loan Collection code Home library Current library Shelving location Date acquired Total Checkouts Full call number Barcode Date last seen Copy number Price effective from Koha item type
    Library of Congress Classification     Non-fiction City Campus Library City Campus Library General Stacks 10/05/2020   HB 171 MIC 2000 004786 10/05/2020 C-1 10/05/2020 Books